MDQL
is popping MORE tags! Check the
thread
!
Quizzes
Events
Quiz Creation
Community
Videos
Private Events
Remove Ads
Sign In
Join for FREE
Feedback
Dark Mode
Quiz Categories
Sports
Geography
Music
Movies
Television
Just For Fun
Miscellaneous
History
Literature
Language
Science
Gaming
Entertainment
Religion
Holiday
For Kids
Quiz Lab
Recent
Popular Today
Quiz Kudos Today
Editor Picks
Curator Picks
Quizzes by...
Day
Popularity
Type
Ratings
Length
Year
Community
Subscriptions
Recent Discussions
Orange Saloon
Badges
Playlists
Quests
Create
Leaderboards
Showdown
Live 5
Trivia Bingo
Activity
Puzzle Library
Sporcle Events
Private Events
Virtual Trivia
Globe League
Become a Host
Pub Owners
SporcleCon
Opinionation
Our Games
Videos
Blog
Mobile Apps
Partnerships
Remove Ads and Go Orange
Feedback
Sports
Athletes
MLB
NBA
NHL
NFL
Soccer
Sports Teams
WWE
NCAA
Football
Premier League
Basketball
Baseball
Hockey
Golf
Tennis
Cricket
Rugby
Auto Racing
Olympics
World Cup
Sports
Athletes
MLB
NBA
NHL
NFL
Soccer
Sports Teams
WWE
NCAA
Football
Premier League
Basketball
Baseball
Hockey
Golf
Tennis
Cricket
Rugby
Auto Racing
Olympics
World Cup
Random Quiz
Search Sporcle
×
Quiz Lab
Quiz Lab
Sports
NHL
Type in answers that appear in a list
Type in answers that appear in a list
Classic
Best Score? Go Orange.
2013/14 New York Rangers Stats
Can you name the 2013/14 New York Rangers?
By
HockeyGuru101
3m
28 Questions
564 Plays
564 Plays
564 Plays
Comments
Comments
Give Quiz Kudos
Give Quiz Kudos
-
- Ratings
hide this ad
More Info
Replay
Link that replays current quiz
Next Quiz
Link to next quiz in quiz playlist
You Got
0%
They Got
Avg Score
68%
Avg Friend Score
Upgrade to see
Score Distribution
Jump to the score distribution portion of the page
Score
0/28
Timer
03:00
0
Plays Today
Number
Player
% Correct
5**
Dan Girardi
90.6%
30
Henrik Lundqvist
89.7%
61
Rick Nash
89%
21
Derek Stepan
85.8%
33
Cam Talbot
83.6%
26
Martin St.Louis
83.3%
20
Chris Kreider
83.1%
18**
Marc Staal
82.4%
19**
Brad Richards
82.4%
22
Brian Boyle
81.7%
62
Carl Hagelin
81.2%
28
Dominic Moore
79.1%
27
Ryan McDonagh
78.4%
36
Mats Zuccarello
78%
Number
Player
% Correct
16
Derick Brassard
77.6%
17
John Moore
76%
6
Anton Stralman
74.8%
8
Kevin Klein
74.5%
10
J.T. Miller
69.1%
67
Benoit Pouliot
65.9%
Head Coach
Alain Vigneault
62.8%
15
Derek Dorsett
62.1%
13
Daniel Carcillo
59.6%
12
Jesper Fast
57.9%
4
Raphael Diaz
56.5%
44
Justin Falk
42.5%
39
Ryan Haggerty
17.1%
48
Oscar Lindberg
14.8%
Quiz Playlist
Details
Report
Send in Message
Add To Playlist
More Info:
**Alternate Captain
Classic:
Type in answers that appear in a list
Last Updated: Feb 16, 2017
Quiz Scoreboard
CHALLENGE
Sign Up to Join the Scoreboard
Show All
Scores
Hide
Comments
May contain spoilers
Recently Published
Image Sorting: Flags VI
by Barbecue
Geography
2m
Find the 'City' Movie
by crazypaving
Movies
60s
Colored Red Africa Blitz
by spor1
Geography
45s
More to Explore
Quiz From the Vault
Featured Blog Post
14 Easter Pick-up Lines to Find Eggs With
hide this ad
You Might Also Like...
Tags
NHL Quiz
2013
2014
New York
New York Rangers
Ranger
Today's Top Quizzes in Sports
Browse Sports
hide this ad
Today's Top Quizzes in NHL
Browse NHL
Top Contributed Quizzes in Sports
1
Les meilleurs buteurs des matchs entre le PSG et l’OM
2
Les entraîneurs de l'OM et du PSG au 21e siècle
3
Les joueurs passés par le PSG et l'OM
4
2022 World Cup Stars
5
Players with Multiple 50 Home Run Seasons
6
Criteria MLB: Left Handed Sluggers
7
Les joueurs passés par le LOSC et le RC Lens
8
NBA Logic Puzzle 2.0
9
MLB Players with Two .350 Batting Average Seasons
10
FIFA Club World Cup Champions
Explore More
Trending Topics
Anime
Disney
Crossword
NBA
Kpop
Harry Potter
Marvel
Song
Soccer
Puzzle
NFL
The Office
WWE
Pokémon
Country
hide this ad
More By:
HockeyGuru101
Quiz
Plays
Rating
Category
Featured
Created
NBA Team Captains
4,067
3.45
Sports
Aug 17, 2013
2013/14 New York Rangers
564
Sports
Aug 21, 2012
NBA Teams That Have Never Won a Championship
517
2.00
Sports
Dec 26, 2011
2011-2012 New York Rangers
458
4.50
Sports
Nov 28, 2011
2014/15 MLB Free Agents
428
2.00
Sports
Nov 28, 2014
Go to Creator's Profile
Score Distribution
Quiz Creator Spotlight
HockeyGuru101
Follow
Send a Message
Quizzes Created
-
Created Quiz Play Count
-
More By This Creator
Popular Quizzes Today
1
Colored Red Africa Blitz
2
Find the US States - No Outlines Minefield
3
Find the 'City' Movie
4
5x2 Blitz: Bands
5
The Countries of the World
6
Find the US States
7
Find the Countries of Europe - No Outlines Minefield
8
US States
More Sports Quizzes
MLB: Greatest Designated Hitters by Decade, 1973-2021
Curator's Pick
Trending Quizzes
Colored Red Europe Blitz I
Colored Red Europe Blitz II
Colored Red Africa Blitz II
Colored Red Europe Blitz III
Colored Red Africa Blitz III
Recently Updated
How Do You Spell That?
pecheneg
Godzilla Movies
pecheneg
Grab Bag: 4-10 Letters
pecheneg
2024 March Madness Bracket
pecheneg
Famous TV Couples
Peacemaker
Champions League XIs: Real Madrid
pecheneg
Largest US Cities 1790-2010
pecheneg
Rides in Walt Disney World
pecheneg
Most Oscar Losses (Acting)
pecheneg
Beyoncé Albums
pecheneg
Trending Topics
Kpop
Crossword
NBA
Disney
Anime
Marvel
Harry Potter
The Office
Soccer
Puzzle
NFL
Pokémon
Country
WWE
Song
Your Account Isn't Verified!
In order to create a playlist on Sporcle, you need to verify the email address you used during registration. Go to your
Sporcle Settings
to finish the process.
Report this User
Report this user for behavior that violates our
Community Guidelines
.
Details:
Send Report
Go to the Sporcle.com Mobile Site →
Comments